[Event "FRA-ch op-D"]
[Site "Aix les Bains"]
[Date "2007.08.18"]
[Round "5"]
[White "Renet, Jules"]
[Black "Pignatelli, Daniel"]
[Result "0-1"]
[WhiteElo "1430"]
[BlackElo "1499"]
[PlyCount "56"]
[EventDate "2007.08.13"]
[EventType "swiss"]
[EventRounds "11"]
[EventCountry "FRA"]
[SourceTitle "CBM 120 Extra"]
[Source "ChessBase"]
[SourceDate "2007.11.01"]
[SourceVersion "1"]
[SourceVersionDate "2007.11.01"]
[SourceQuality "1"]

1. e4 d5 2. exd5 Qxd5 3. Nc3 Qd8 4. d4 e6 5. Nf3 Nf6 6. Be3 Be7 7. Bc4 c6 8. 0-0 Nbd7 9. Re1 Nb6 10. Bb3 Nbd5 11. Nxd5 exd5 12. Qd3 0-0 13. Ne5 Ne4 14. f3 Nd6 15. Rad1 Nf5 16. f4 Nxe3 17. Qxe3 Bd6 18. Qg3 Bf5 19. c4 Be4 20. cxd5 cxd5 21. Nd3 Be7 22. Qe3 f5 23. Nc5 Bxc5 24. dxc5 Kh8 25. Qd4 Qh4 26. Bxd5 Rad8 27. Qc4 Bxd5 28. g3 Qh3 0-1